000 00932nam a2200265Ia 4500
003 OSt
005 20220923211159.0
006 a|||||r|||| 00| 0
007 ta
008 220922b |||||||| |||| 00| 0 hin d
020 _a8188134155 (hbk)
024 _a228,464
037 _cTextual
040 _aARTS
_cARTS
_bhin
041 _2hin
_ahin
082 _aR65,6:g(/\25), 152P5
100 _aयोगार्थी, प्रमोद
_9159223
245 0 _aउद्धव गीता में भक्तियोग दर्शन
246 _aUddhav gītā mean bhaktiyog darshana
260 _aनई दिल्ली
_b सत्यम् पब्लिशिंग हाउस
_c2005
300 _a400पृ.
_ccm.
650 _aभारतीय दर्शन
942 _hR65,6:g(/\25), 152P5
_cTEXL
_2CC
999 _c296423
_d296423